Vector mechanics for engineers (Record no. 4856)

000 -LEADER
fixed length control field 00594nam a2200217 a 4500
001 - CONTROL NUMBER
control field 4856
003 - CONTROL NUMBER IDENTIFIER
control field BD-DhUET
008 - FIXED-LENGTH DATA ELEMENTS--GENERAL INFORMATION
fixed length control field 840307s1984 nyua 001 0 eng
020 ## - INTERNATIONAL STANDARD BOOK NUMBER
International Standard Book Number 0070044384
040 ## - CATALOGING SOURCE
Original cataloging agency DLC
Transcribing agency DLC
Modifying agency BD-DhUET
082 00 - DEWEY DECIMAL CLASSIFICATION NUMBER
Classification number 620.1
Item number BEE/1984
100 ## - MAIN ENTRY--PERSONAL NAME
Personal name Beer, Ferdinand P.
245 10 - TITLE STATEMENT
Title Vector mechanics for engineers
Remainder of title statics and dynamics
250 ## - EDITION STATEMENT
Edition statement 4th ed.
260 ## - PUBLICATION, DISTRIBUTION, ETC. (IMPRINT)
Place of publication, distribution, etc. New York
Name of publisher, distributor, etc. McGraw-Hill
Date of publication, distribution, etc. 1984
300 ## - PHYSICAL DESCRIPTION
Extent xxi, 926 p.
Other physical details ill.
Dimensions 24 cm.
504 ## - BIBLIOGRAPHY, ETC. NOTE
Bibliography, etc Includes bibliographies
650 #0 - SUBJECT ADDED ENTRY--TOPICAL TERM
Topical term or geographic name as entry element Engineering instruments
700 1# - ADDED ENTRY--PERSONAL NAME
Personal name Johnston, E. Russell
942 ## - ADDED ENTRY ELEMENTS (KOHA)
Koha item type General Book
Holdings
Koha normalized classification for sorting Sublocation or collection (holding branch) Date acquired Copy number Koha date last seen Piece designation (barcode) Lost status Shelving location Withdrawn status Price effective from Source of classification or shelving scheme Not for loan Damaged status Koha full call number Koha date last borrowed Koha item type Koha issues (times borrowed) Location (home branch)
620_100000000000000_BEE_1984Central Library, BUET2014-11-2312015-12-0866051 Circulation section 2014-11-23   620.1/BEE/1984 General Book Central Library, BUET
620_000000000000000_1BEE1984Central Library, BUET2014-11-2412022-06-2066042 Circulation section 2014-11-24   620.1/BEE/19842022-06-12General Book2Central Library, BUET
620_100000000000000_BEE_1984Central Library, BUET2014-11-2912023-06-0766086 Circulation section 2014-11-29   620.1/BEE/19842023-01-10General Book4Central Library, BUET
620_100000000000000_BEE_1984Central Library, BUET2014-12-11492025-05-2866044 Circulation section 2014-12-11   620.1 /BEE/19842025-04-30General Book1Central Library, BUET
620_100000000000000_BEE_1984Central Library, BUET2014-12-1112015-02-2366012 Circulation section 2014-12-11   620.1/BEE/1984 General Book Central Library, BUET
620_100000000000000_BEE_1984Central Library, BUET2015-01-1962015-12-2266043 Circulation section 2015-01-19   620.1/BEE/1984 General Book Central Library, BUET
620_100000000000000_BEE_1984Central Library, BUET2015-02-1672022-12-1381336 Circulation section 2015-02-16   620.1/BEE/19842022-11-21General Book1Central Library, BUET
620_100000000000000_BEE_1984Central Library, BUET2015-04-0112018-04-3066048 Circulation section 2015-04-01   620.1/BEE/19842018-04-18General Book1Central Library, BUET
620_100000000000000_BEE_1984Central Library, BUET2015-06-2192015-06-2166015 Reading section 2015-06-21   620.1/BEE/1984 Reading Item Central Library, BUET
620_100000000000000_BEE_1984Central Library, BUET2015-06-22102015-06-2266014 Reading section 2015-06-22   620.1/BEE/1984 General Book Central Library, BUET
620_100000000000000_BEE_1984Central Library, BUET2015-06-22112015-06-2266013 Reading section 2015-06-22   620.1/BEE/1984 General Book Central Library, BUET
620_010000000000000_BEE_1984Central Library, BUET2015-06-29122015-06-2966095 Reading section 2015-06-29   620.01/BEE/1984 Reading Item Central Library, BUET
620_100000000000000_BEE_1984Central Library, BUET2015-07-28132015-07-2875502 Circulation section 2015-07-28   620.1/BEE/1984 General Book Central Library, BUET